| 000 | 00597cam a22002178i 4500 | ||
|---|---|---|---|
| 001 | 18793009 | ||
| 005 | 20170320105547.0 | ||
| 008 | 150923s2016 enk 001 0 eng | ||
| 020 | _a9781119045069 (pbk.) | ||
| 040 | _cPK-LaUMT | ||
| 082 | 0 | 0 |
_a711.4 _223 _bREA- |
| 245 | 0 | 0 |
_aReadings in planning theory / _cedited by Susan S. Fainstein and James DeFilippis |
| 250 | _a4th ed. | ||
| 260 |
_aWest Sussex : _bJohn Wiley, _c2016 |
||
| 300 | _a615 p. | ||
| 500 | _aIncludes index. | ||
| 650 | 0 | _aCity planning. | |
| 700 | 1 | _aFainstein, Susan S., | |
| 700 | 1 | _aCampbell, Scott, | |
| 942 | _cBK | ||
| 999 |
_c91864 _d91864 |
||